Word Ladder: One Liners III Quiz Stats

 Plays Quiz Updated Jan 28, 2014

Support Sporcle.
Go Orange.
Score 0/15 Timer 02:00
1 Play Today
One Liner Answer % Correct
My ____ and I were happy for twenty years. And then we met.WIFE
95.9%
A homeless man said 'I haven't eaten for two days'. I said 'I ____ I had your willpower.'WISH
95.6%
You can tune a piano but you can't tuna ____.FISH
94.8%
I paid a thousand dollars for a seminar on reincarnation. What the hell, we only ____ once.LIVE
93.3%
You should never hit a man with glasses. It's much more effective to use your ____.FIST
91.7%
The surest sign that intelligent alien ____ exists is the fact that they've never tried to contact us.LIFE
91.5%
You know you're getting old when the candles cost ____ than the cake.MORE
88.7%
Some people are ____ but most are otherwise.WISE
86.3%
One Liner Answer % Correct
I'm such a cheat at golf, I even shout three instead of ____.FORE
84.5%
I had to ____ my masseuse because she rubbed me up the wrong way.FIRE
78.2%
So tell me, how did you ____ my cooking?LOVE
72.1%
A friend will help you ____. A good friend will help you ____ a dead body.MOVE
72%
If you want to stop smoking in bed buy a water bed and ____ it with petrol.FILL
70.3%
I no longer ____ my nails. I just throw them away like everyone else.FILE
67.8%
A ____ will never kill you. It's the sudden stop at the end that does it.FALL
47.1%

Today's Daily Dose

Missing Word
90s UK #1s

Word Ladder
Full Score

Quick Pick
Prime Books

Get the Picture
Big 4 'P' All-Stars

From the Vault

Find the 'Right' Answer

by BeerHound

Two wrong answers will, in fact, not make a right one.
Remove Ads.
Support Sporcle.
Get the best of Sporcle when you Go Orange. This ad-free experience offers more features, more stats, and more fun while also helping to support Sporcle. Thank you for becoming a member.

Show Comments

Extras

Top Quizzes Today


Score Distribution

Your Account Isn't Verified!

In order to create a playlist on Sporcle, you need to verify the email address you used during registration. Go to your Sporcle Settings to finish the process.

Report this User

Report this user for behavior that violates our Community Guidelines.

Details: